000 00418nam a2200145Ia 4500
003 sslc
005 20180220144053.0
008 180219s9999 xx 000 0 und d
020 _a9789719806264
100 _aSuba, Sally C.
245 _cDe-Jesus Milanez Giovanni
_aPhilippine medical technology laws and bioethics /
260 _aquezon City :
_bC & E publishing
_c2017
300 _av, 399 pages
942 _2lcc
_cBK
999 _c356011
_d356011